| 000 | 00338nam a2200121Ia 4500 | ||
|---|---|---|---|
| 008 | 230717s9999 xx 000 0 und d | ||
| 020 | _a0-406-01067-6 | ||
| 041 | _aeng | ||
| 082 |
_a345.05 _bCAR |
||
| 100 | _aCarr A. P | ||
| 245 | _aCriminal Procedure In Magistrates Courts | ||
| 260 |
_aLondon _bButterworth And Co. (Publishers) Ltd _c1983 |
||
| 999 |
_c671375 _d671375 |
||